Countries Visited by the Vuelta a España - Statistics

General Stats
  • This quiz has been taken 1,561 times
    97 since last reset
  • The average score is 7 of 8
Answer Stats
Country % Correct
Andorra
94%
Portugal
94%
France
92%
Italy
89%
Spain
81%
Netherlands
76%
Belgium
72%
Germany
70%
No matching quizzes found
Score Distribution
Percent of People with Each Score
Percentile by Number Answered
Your Score History
You have not taken this quiz since the last reset